000 00723nam a2200265 a 4500
003 AR-BaBNM
005 20251128202827.0
008 082120s2002 ||||||||||||||000 | spa||
040 _cAR-BaBNM
100 1 _aFurlong Cardiff, Guillermo
_cS.J.
245 0 0 _aLa cultura femenina en la época colonial
260 _aBuenos Aires
_bKapelusz
_c1951
300 _a264 p.
_bláms.
500 _aContiene referencias bibliográficas en p. 263
650 4 _aLITERATURA ARGENTINA
650 4 _aMUJERES
650 4 _aDERECHOS DE LA MUJER
650 4 _aSIGLO DIECINUEVE
650 4 _aHISTORIA CULTURAL
651 4 _aArgentina
651 4 _aAmérica Latina
653 _aAMERICA COLONIAL
942 _cBK
998 _cMARTIN
999 _c762
_d762